Biggest Cities in Moldavia - Statistics

General Stats
  • This quiz has been taken 18 times
  • The average score is 5 of 12
Answer Stats
Country City Population % Correct
Chișinău 665 500
100%
Iași 308 843
69%
Galați 298 861
50%
Bălți 146 950
44%
/ Bender 89 248
44%
Chernivtsi 265 471
38%
Izmail 70 000
38%
Bacău 136 087
31%
Botoșani 90 010
25%
Suceava 84 322
25%
Focșani 65 052
19%
Piatra Neamț 77 650
19%
No matching quizzes found
Score Distribution
Percent of People with Each Score
Percentile by Number Answered
Your Score History
You have not taken this quiz